Political economy of price controls (Record no. 512567)

MARC details
000 -LEADER
fixed length control field 00770nam a2200253Ia 4500
003 - CONTROL NUMBER IDENTIFIER
control field OSt
005 - DATE AND TIME OF LATEST TRANSACTION
control field 20220925185910.0
008 - FIXED-LENGTH DATA ELEMENTS--GENERAL INFORMATION
fixed length control field 220923b |||||||| |||| 00| 0 eng d
020 ## - INTERNATIONAL STANDARD BOOK NUMBER
International Standard Book Number 0 566 07025 1
037 ## - SOURCE OF ACQUISITION
Terms of availability General Book
040 ## - CATALOGING SOURCE
Original cataloging agency RTL
Transcribing agency RTL
Language of cataloging eng
041 ## - LANGUAGE CODE
Source of code eng
Language code of text/sound track or separate title eng
100 ## - MAIN ENTRY--PERSONAL NAME
Personal name Jonung Lars
9 (RLIN) 236260
245 #0 - TITLE STATEMENT
Title Political economy of price controls
Remainder of title The Swedish experience 1970-1987
260 ## - PUBLICATION, DISTRIBUTION, ETC.
Place of publication, distribution, etc. Avebury
Name of publisher, distributor, etc. Aldershot
Date of publication, distribution, etc. 1990
300 ## - PHYSICAL DESCRIPTION
Extent xxi,217p.
Dimensions cm.
500 ## - GENERAL NOTE
General note Bibliography: P 210-12, Appendix: P 188-209.
650 ## - SUBJECT ADDED ENTRY--TOPICAL TERM
Topical term or geographic name entry element Price Regulation
9 (RLIN) 236261
942 ## - ADDED ENTRY ELEMENTS (KOHA)
Classification part X:76-75.571.N9, N0
Koha item type General Books
Source of classification or shelving scheme Colon Classification (CC)

No items available.

Copyright @ Delhi University Library System